Aventuras del capitán Bancalari /
Guardado en:
| Autor Principal: | |
|---|---|
| Otros Autores: | |
| Formato: | Libro |
| Publicado: |
Buenos Aires :
Alfaguara,
1999.
|
| Series: | Alfaguara Infantil. Naranja
|
| Materias: | |
| Etiquetas: |
Agregar Etiqueta
Sin Etiquetas, Sea el primero en etiquetar este registro!
|
| LEADER | 00686nam a22002175a 4500 | ||
|---|---|---|---|
| 001 | CEM.cems019622 | ||
| 008 | 221003s1999##################000#0#####d | ||
| 005 | 20221003084010.0 | ||
| 245 | 1 | 0 | |a Aventuras del capitán Bancalari / |c Fernando Sorrentino ; ilustrado por Pablo Zweig. |
| 260 | |a Buenos Aires : |b Alfaguara, |c 1999. | ||
| 300 | |a 89 p. | ||
| 490 | 0 | |a Alfaguara Infantil. Naranja | |
| 020 | |a 9505115202 | ||
| 100 | 1 | |a Sorrentino, Fernando. | |
| 700 | 1 | |a Zweig, Pablo. | |
| 082 | 0 | 4 | |a A868.4 |
| 653 | |a Literatura infantil | ||
| 653 | |a Literatura juvenil | ||
| 653 | |a Cuentos | ||
| 653 | |a Literatura Argentina | ||
| 859 | |a CEMS |b BIB. CEMS - Inicial y Primaria |h A868.4 |i So696 |k IP |p 1517 |t Ej.1 | ||
